书目信息 |
| 题名: |
原地综合太极拳(24式)
|
|
| 作者: | 胡启贤 编 | |
| 分册: | ||
| 出版信息: | 北京 人民体育出版社 2000 |
|
| 页数: | 164页 | |
| 开本: | 20cm | |
| 丛书名: | 原地太极拳系列丛书 | |
| 单 册: | ||
| 中图分类: | G852.11 | |
| 科图分类: | ||
| 主题词: | 太极拳 , 民族形式体育 | |
| 电子资源: | ||
| ISBN: | 7-5009-1895-X | |
| 000 | 00711nam0 2200253 450 | |
| 001 | 0632667000 | |
| 005 | 20060220091019.90 | |
| 010 | @a7-5009-1895-X@dCNY10.00 | |
| 092 | @aCN | |
| 100 | @a20060220d2000 km y0chiy0120 ea | |
| 101 | 0 | @achi |
| 102 | @aCN@b110000 | |
| 105 | @aa z 000yy | |
| 200 | 1 | @a原地综合太极拳(24式)@Ayuan di zong he tai ji quan(24 shi)@f胡启贤编@Fhu qi xian bian |
| 210 | @a北京@c人民体育出版社@d2000 | |
| 215 | 1 | @a164页@c插图@d20cm |
| 225 | @a原地太极拳系列丛书 | |
| 410 | 0 | @12001 @a原地太极拳系列丛书 |
| 606 | 0 | @a太极拳 |
| 606 | 0 | @a民族形式体育 |
| 690 | @aG852.11@v4 | |
| 701 | 0 | @a胡启贤@Ahu qi xian@4编 |
| 801 | 0 | @aCN@bPFT@c20060220 |
| 905 | @a10447@dG852.11@e114 | |
| 原地综合太极拳(24式)/胡启贤编.-北京:人民体育出版社,2000 |
| 164页:插图;20cm.-(原地太极拳系列丛书) |
| ISBN 7-5009-1895-X:CNY10.00 |
| ● |
| 相关链接 |
|
|
|
|
正题名:原地综合太极拳(24式)
索取号:G852.11/114
 
预约/预借
| 序号 | 登录号 | 条形码 | 馆藏地/架位号 | 状态 | 备注 |
| 1 | 0338312 | 203383123 | 第一样本阅览室/ [索取号:G852.11/114] | 在馆 | |
| 2 | 0338313 | 203383132 | 第四借阅区/ [索取号:G852.11/114] | 在馆 | |
| 3 | 0338314 | 203383141 | 第四借阅区/ [索取号:G852.11/114] | 在馆 | |
| 4 | 0338315 | 203383150 | 第四借阅区/ [索取号:G852.11/114] | 在馆 | |
| 5 | 0338316 | 203383169 | 第四借阅区/ [索取号:G852.11/114] | 在馆 |